[Event "Villa Ballester op 73rd"]
[Site "Buenos Aires"]
[Date "2024.01.27"]
[Round "8"]
[White "Wardak, Dante"]
[Black "Beredjiklian, Mariano"]
[Result "1-0"]
[WhiteElo "1690"]
[BlackElo "1896"]
[PlyCount "81"]
[EventDate "2024.01.19"]
[EventType "swiss"]
[EventRounds "9"]
[EventCountry "ARG"]
[SourceTitle "CB06_2024"]
[SourceDate "2024.02.07"]
[SourceVersion "1"]
[SourceVersionDate "2024.02.07"]
[SourceQuality "1"]

1. e4 e6 2. d4 d5 3. Nc3 Nf6 4. Bg5 Bb4 5. e5 h6 6. Bd2 Bxc3 7. bxc3 Ne4 8. Qg4 g6 9. h4 c5 10. Bd3 Nxd2 11. Kxd2 c4 12. Be2 Nc6 13. h5 g5 14. f4 f5 15. exf6 e5 16. Qf3 e4 17. Qg3 Qd6 18. Rf1 Rf8 19. Qe3 Qxf6 20. fxg5 Qxg5 21. Qxg5 hxg5 22. h6 Rh8 23. Bh5+ Kd8 24. Rf6 Ne7 25. Nh3 Bxh3 26. gxh3 Kc7 27. Rhf1 Rag8 28. Rf7 Kd8 29. h7 Re8 30. Rg7 Ref8 31. Rff7 Rxf7 32. Bxf7 e3+ 33. Ke2 Kd7 34. Bg8 Kd6 35. Rxg5 b5 36. Kxe3 a5 37. a3 Kc6 38. Kf4 Kd6 39. Rg7 b4 40. cxb4 axb4 41. Rxe7 1-0

[Event "Villa Ballester op 73rd"]
[Site "Buenos Aires"]
[Date "2024.01.23"]
[Round "5"]
[White "Galli, Gabriel"]
[Black "Wardak, Dante"]
[Result "1/2-1/2"]
[WhiteElo "1810"]
[BlackElo "1690"]
[PlyCount "26"]
[EventDate "2024.01.19"]
[EventType "swiss"]
[EventRounds "9"]
[EventCountry "ARG"]
[SourceTitle "CB06_2024"]
[SourceDate "2024.02.07"]
[SourceVersion "1"]
[SourceVersionDate "2024.02.07"]
[SourceQuality "1"]

1. e4 e5 2. Nf3 Nc6 3. Bb5 a6 4. Ba4 Nf6 5. 0-0 b5 6. Bb3 Bc5 7. c3 d6 8. d4 Bb6 9. h3 0-0 10. g4 Bb7 11. Re1 Re8 12. Bc2 h6 13. Be3 exd4 1/2-1/2

[Event "ARG-ch U20"]
[Site "Buenos Aires"]
[Date "2023.02.20"]
[Round "8"]
[White "Serulnicoff, Pedro"]
[Black "Wardak, Dante"]
[Result "0-1"]
[WhiteElo "1848"]
[BlackElo "1616"]
[PlyCount "132"]
[EventDate "2023.02.17"]
[EventType "swiss"]
[EventRounds "9"]
[EventCountry "ARG"]
[SourceTitle "EXT 2024"]
[Source "ChessBase"]
[SourceDate "2023.10.10"]
[SourceVersion "1"]
[SourceVersionDate "2023.10.10"]
[SourceQuality "1"]

1. e4 e5 2. Nc3 Nf6 3. g3 Bc5 4. Bg2 d6 5. Nge2 Nc6 6. 0-0 0-0 7. d3 Be6 8. Na4 Bb6 9. Bg5 h6 10. Bxf6 Qxf6 11. Nxb6 axb6 12. Nc3 Ra5 13. Kh1 Qd8 14. f4 f5 15. exf5 Bxf5 16. g4 Bd7 17. f5 Nd4 18. Ne4 Ba4 19. b3 Bc6 20. Ng3 Qd7 21. Be4 Nb5 22. Qd2 d5 23. Bg2 d4 24. Be4 Nc3 25. h3 Rxa2 26. Rxa2 Nxa2 27. Kh2 Nc3 28. f6 Nxe4 29. dxe4 Qe6 30. Nh5 g5 31. Qe1 Be8 32. Ng7 Qc6 33. Qg3 Bg6 34. Qxe5 Qxc2+ 35. Kg1 Qxe4 36. Qxe4 Bxe4 37. Ne6 Rf7 38. Nd8 c5 39. Nxf7 Kxf7 40. Re1 Bc6 41. Rc1 Bd5 42. b4 c4 43. Kf2 Kxf6 44. Ra1 Ke5 45. Ra8 d3 46. Ke3 Bg2 47. Rc8 Bd5 48. Rh8 Bg2 49. Rc8 Bc6 50. Rh8 Bb5 51. Kd2 Bc6 52. Kc3 Ke4 53. Rxh6 b5 54. Re6+ Kf3 55. Re5 Kg3 56. Re3+ Kf4 57. Kd2 Be4 58. Re1 Bg2 59. Re7 Bxh3 60. Rxb7 Bxg4 61. Rxb5 Be6 62. Rb6 Bd5 63. Rd6 Ke4 64. Rg6 Kd4 65. Rxg5 c3+ 66. Kd1 Bb3+ 0-1

[Event "Vicente Lopez ProAm 100 Years op"]
[Site "Buenos Aires"]
[Date "2022.10.16"]
[Round "6"]
[White "Bosco, Giuliana"]
[Black "Wardak, Dante"]
[Result "1-0"]
[WhiteElo "1848"]
[BlackElo "1576"]
[PlyCount "159"]
[EventDate "2022.10.11"]
[EventType "swiss"]
[EventRounds "9"]
[EventCountry "ARG"]
[SourceTitle "CBM 210 Extra"]
[Source "ChessBase"]
[SourceDate "2022.11.30"]
[SourceVersion "1"]
[SourceVersionDate "2022.11.30"]
[SourceQuality "1"]

1. e4 e5 2. Nf3 Nc6 3. Bb5 a6 4. Ba4 Nf6 5. Qe2 b5 6. Bb3 Bc5 7. c3 d6 8. d3 h6 9. Nbd2 0-0 10. Nf1 d5 11. Ng3 Re8 12. 0-0 Be6 13. h3 a5 14. Rd1 a4 15. Bc2 d4 16. Bd2 Qe7 17. Nh4 Qf8 18. Nhf5 dxc3 19. bxc3 Ne7 20. Qf3 Nxf5 21. Nxf5 Bxf5 22. Qxf5 Bd6 23. d4 c5 24. Rab1 Rab8 25. Be3 c4 26. Qf3 Qe7 27. d5 Rb7 28. Qe2 Qc7 29. Qf3 Reb8 30. Bxh6 b4 31. Bxa4 bxc3 32. Rxb7 Rxb7 33. Bg5 Nh7 34. Bc1 Qa5 35. Bc2 Qxa2 36. Qxc3 Bb4 37. Qb2 Qxb2 38. Bxb2 f6 39. Rb1 Bc5 40. Bc3 Rxb1+ 41. Bxb1 Ng5 42. Kf1 Kf8 43. f3 Nf7 44. Ba2 Nd6 45. Ke2 Ke8 46. Kd2 Kd7 47. Ba5 f5 48. exf5 Nxf5 49. Bxc4 Nh4 50. Bf1 Kd6 51. Bc3 Kxd5 52. Ke2 Bd4 53. Bd2 Nf5 54. Kd3 g6 55. Be2 Nd6 56. Bd1 Kc5 57. Bb3 Nf5 58. g4 Nh4 59. Ke4 Kd6 60. Bg5 Ng2 61. Bf7 Ne1 62. Bxg6 Nc2 63. h4 Na1 64. Bf7 Nc2 65. h5 Nb4 66. Bc4 Kc5 67. Be7+ Kxc4 68. Bxb4 Bb6 69. Be7 Be3 70. Kxe3 Kd5 71. h6 Ke6 72. h7 Kf7 73. h8Q Ke6 74. Qf6+ Kd5 75. Qd6+ Kc4 76. Qc5+ Kb3 77. Kd3 Ka2 78. Qa3+ Kb1 79. Kc3 e4 80. Qb2# 1-0

[Event "Vicente Lopez ProAm 100 Years op"]
[Site "Buenos Aires"]
[Date "2022.10.14"]
[Round "4"]
[White "Jimenez, Jorge"]
[Black "Wardak, Dante"]
[Result "1-0"]
[WhiteElo "1965"]
[BlackElo "1576"]
[PlyCount "65"]
[EventDate "2022.10.11"]
[EventType "swiss"]
[EventRounds "9"]
[EventCountry "ARG"]
[SourceTitle "CBM 210 Extra"]
[Source "ChessBase"]
[SourceDate "2022.11.30"]
[SourceVersion "1"]
[SourceVersionDate "2022.11.30"]
[SourceQuality "1"]

1. d4 Nf6 2. c4 e6 3. Nc3 Bb4 4. a3 Bxc3+ 5. bxc3 d5 6. cxd5 exd5 7. e3 c5 8. Bd3 Nc6 9. Ne2 b6 10. 0-0 0-0 11. Ng3 Re8 12. a4 Bd7 13. Re1 c4 14. Bc2 Na5 15. f3 Bc6 16. e4 Nb3 17. Bxb3 cxb3 18. e5 Nd7 19. Qxb3 f6 20. f4 g5 21. c4 Nf8 22. fxg5 fxg5 23. Nh5 Rc8 24. Nf6+ Qxf6 25. exf6 Rxe1+ 26. Kf2 Re6 27. Bxg5 dxc4 28. Qxc4 Bb7 29. Qb3 Kh8 30. Re1 Rec6 31. Qf7 R6c7 32. Re7 Rc2+ 33. Ke1 1-0